1132 1043 1932 1154 1204 1171 1833 1720 1103 1247 1135 1434 1954 1513 1665 1372 1820 1208 1351 1351 1951 1015 1045 1162 1967 1886 1885 1659 1732 1854 1541 1193 1641 1111 1764 1548 1986 1497 1300 1179 1067 1369 1384 1790 1200 1512 1869 1100 1107 1501 1675 1585 1614 1690 1740 1180 1934 1759 1577 1434 1191 1517 1652 1569 1830 1630 1120 1164 1296 1647 1723 1844 1376 1974 1151 1730 1353 1402 1865 1764 1042 1199 1608 1896 1217 1940 1369 1597 1386 1698 1978 1880 1674 1335 1254 1233 1492 1458 1797 BCNSPRNW ULIB Ver.6.0+V

เปลี่ยนเป็นภาษาไทย

Change to English
 แสดงรายละเอียดบรรณานุกรม
  กลับหน้าหลัก

Brief Record : Get Marc (ISO 2709) : E-mail record : QR code < ปิดหน้าต่าง
LEADER : 00000nam 2200000uu 4500
001    13399127299
003     ULIB
008    200408s2562||||th 000 0 tha d
020    ^a9786164880375
040    ^abns
060 04 ^aWB115^bก491
245 00 ^aการป้องกันโรคทางอายุรศาสตร์ =^bDisease prevention in internal medicine /^cณรงค์กร ซ้ายโพธิ์กลาง,บรรณาธิการ
246 31 ^aisease prevention in internal medicine
250    ^aพิมพ์ครั้งที่ 1
260    ^aปทุมธานี :^bภาควิชาอายุรศาสตร์ คณะแพทยศาสตร์ มหาวิทยาลัยธรรมศาสตร์,^c2562
300    ^a484 หน้า :^bภาพประกอบ ;^c26 ซม.
504    ^aมีบรรณานุกรมและดัชนี
650  4 ^aโรค^xการป้องกันและควบคุม
650  4 ^aอายุรศาสตร์
700 0  ^aมหาวิทยาลัยธรรมศาสตร์. ^bคณะแพทยศาสตร์
710 2  ^aณรงค์กร ซ้ายโพธิ์กลาง,^eบรรณาธิการ
945    ^p800^l0^i006733
945    ^p800^l0^i006734
945    ^p800^l0^i006735
945    ^p800^l0^i006736
945    ^p800^l0^i006737
945    ^p800^l0^i007136
945    ^p800^l0^i007137
945    ^p800^l0^i007138
945    ^p800^l0^i007139
945    ^p800^l0^i007140
945    ^p800^l0^i007141
945    ^p800^l0^i007142
945    ^p800^l0^i007143
945    ^p800^l0^i007144
945    ^p800^l0^i007145
945    ^p800^l0^i007146
945    ^p800^l0^i007147
945    ^p800^l0^i007148
945    ^p800^l0^i007149
945    ^p800^l0^i007150
999    ^aประนอม เกษจรัล
รายการนี้ยังไม่มีแท็ก
คุณยังไม่ได้ล็อกอิน คุณสามารถมีกิจกรรมร่วมกับเว็บไซต์ได้ แต่ต้องล็อกอินก่อน ::
  ล็อกอิน

รายการสื่อสารสนเทศ

ลำดับที่ ประเภท เลขเรียก/บาร์โค้ด สถานที่ สถานะ
1. วิทยาศาสตร์การแพทย์ และสุขภาพ
หนังสือสำรอง
สถานะ=หนังสือสำรอง
WB115 ก491 ฉ.1 
  Barcode: 006733
ห้องสมุดวิทยาเขตสวรรค์ประชารักษ์
►หนังสือทั่วไป
บนชั้น
2. Book การพยาบาล
Book การพยาบาล
WB115 ก491 ฉ.10 
  Barcode: 007140
ห้องสมุดวิทยาเขตสวรรค์ประชารักษ์
►หนังสือทั่วไป
บนชั้น
3. Book การพยาบาล
Book การพยาบาล
WB115 ก491 ฉ.11 
  Barcode: 007141
ห้องสมุดวิทยาเขตสวรรค์ประชารักษ์
►หนังสือทั่วไป
บนชั้น
4. Book การพยาบาล
Book การพยาบาล
WB115 ก491 ฉ.12 
  Barcode: 007142
ห้องสมุดวิทยาเขตสวรรค์ประชารักษ์
►หนังสือทั่วไป
บนชั้น
5. Book การพยาบาล
Book การพยาบาล
WB115 ก491 ฉ.13 
  Barcode: 007143
ห้องสมุดวิทยาเขตสวรรค์ประชารักษ์
►หนังสือทั่วไป
บนชั้น
6. Book การพยาบาล
Book การพยาบาล
WB115 ก491 ฉ.14 
  Barcode: 007144
ห้องสมุดวิทยาเขตสวรรค์ประชารักษ์
►หนังสือทั่วไป
บนชั้น
7. Book การพยาบาล
Book การพยาบาล
WB115 ก491 ฉ.15 
  Barcode: 007145
ห้องสมุดวิทยาเขตสวรรค์ประชารักษ์
►หนังสือทั่วไป
บนชั้น
8. Book การพยาบาล
Book การพยาบาล
WB115 ก491 ฉ.16 
  Barcode: 007146
ห้องสมุดวิทยาเขตสวรรค์ประชารักษ์
►หนังสือทั่วไป
บนชั้น
9. Book การพยาบาล
Book การพยาบาล
WB115 ก491 ฉ.17 
  Barcode: 007147
ห้องสมุดวิทยาเขตสวรรค์ประชารักษ์
►หนังสือทั่วไป
บนชั้น
10. Book การพยาบาล
Book การพยาบาล
WB115 ก491 ฉ.18 
  Barcode: 007148
ห้องสมุดวิทยาเขตสวรรค์ประชารักษ์
►หนังสือทั่วไป
บนชั้น
11. Book การพยาบาล
Book การพยาบาล
WB115 ก491 ฉ.19 
  Barcode: 007149
ห้องสมุดวิทยาเขตสวรรค์ประชารักษ์
►หนังสือทั่วไป
บนชั้น
12. วิทยาศาสตร์การแพทย์ และสุขภาพ
วิทยาศาสตร์การแพทย์ และสุขภาพ
WB115 ก491 ฉ.2 
  Barcode: 006734
ห้องสมุดวิทยาเขตสวรรค์ประชารักษ์
►หนังสือทั่วไป
บนชั้น
13. Book การพยาบาล
Book การพยาบาล
WB115 ก491 ฉ.20 
  Barcode: 007150
ห้องสมุดวิทยาเขตสวรรค์ประชารักษ์
►หนังสือทั่วไป
บนชั้น
14. วิทยาศาสตร์การแพทย์ และสุขภาพ
วิทยาศาสตร์การแพทย์ และสุขภาพ
WB115 ก491 ฉ.3 
  Barcode: 006735
ห้องสมุดวิทยาเขตสวรรค์ประชารักษ์
►หนังสือทั่วไป
บนชั้น
15. วิทยาศาสตร์การแพทย์ และสุขภาพ
วิทยาศาสตร์การแพทย์ และสุขภาพ
WB115 ก491 ฉ.4 
  Barcode: 006736
ห้องสมุดวิทยาเขตสวรรค์ประชารักษ์
►หนังสือทั่วไป
บนชั้น
16. วิทยาศาสตร์การแพทย์ และสุขภาพ
วิทยาศาสตร์การแพทย์ และสุขภาพ
WB115 ก491 ฉ.5 
  Barcode: 006737
ห้องสมุดวิทยาเขตสวรรค์ประชารักษ์
►หนังสือทั่วไป
บนชั้น
17. Book การพยาบาล
Book การพยาบาล
WB115 ก491 ฉ.6 
  Barcode: 007136
ห้องสมุดวิทยาเขตสวรรค์ประชารักษ์
►หนังสือทั่วไป
บนชั้น
18. Book การพยาบาล
Book การพยาบาล
WB115 ก491 ฉ.7 
  Barcode: 007137
ห้องสมุดวิทยาเขตสวรรค์ประชารักษ์
►หนังสือทั่วไป
บนชั้น
19. Book การพยาบาล
Book การพยาบาล
WB115 ก491 ฉ.8 
  Barcode: 007138
ห้องสมุดวิทยาเขตสวรรค์ประชารักษ์
►หนังสือทั่วไป
บนชั้น
20. Book การพยาบาล
Book การพยาบาล
WB115 ก491 ฉ.9 
  Barcode: 007139
ห้องสมุดวิทยาเขตสวรรค์ประชารักษ์
►หนังสือทั่วไป
บนชั้น

รายการใกล้เคียง
    หัวเรื่อง [อายุรศาสตร์]

BibComment


ยังไม่เคยถูกคอมเมนท์

คอมเมนท์ทรัพยากรรายการนี้
  คอมเมนท์: การป้องกันโรคทาง..


 Copyright 2026. Bcnsprnw @Library